<?xml version="1.0" encoding="UTF-8"?>
<marc:record xmlns:marc="http://www.loc.gov/MARC21/slim">
   <marc:leader>00000nam a2200000 a 4500</marc:leader>
   <marc:datafield ind1="1" ind2=" " tag="100">
      <marc:subfield code="a">Berg, Peter</marc:subfield>
      <marc:subfield code="4">ctb</marc:subfield>
      <marc:subfield code="e">Mitwirkende/-r</marc:subfield>
   </marc:datafield>
   <marc:datafield ind1="1" ind2=" " tag="100">
      <marc:subfield code="a">Becker, Jürgen</marc:subfield>
      <marc:subfield code="4">ctb</marc:subfield>
      <marc:subfield code="e">Mitwirkende/-r</marc:subfield>
   </marc:datafield>
   <marc:datafield ind1="1" ind2=" " tag="100">
      <marc:subfield code="a">Reidel, Petra</marc:subfield>
      <marc:subfield code="4">ctb</marc:subfield>
      <marc:subfield code="e">Mitwirkende/-r</marc:subfield>
   </marc:datafield>
   <marc:datafield ind1=" " ind2=" " tag="653">
      <marc:subfield code="a">Gartengestaltung</marc:subfield>
   </marc:datafield>
   <marc:datafield ind1=" " ind2=" " tag="653">
      <marc:subfield code="a">Naturstein</marc:subfield>
   </marc:datafield>
   <marc:datafield ind1=" " ind2=" " tag="653">
      <marc:subfield code="a">Softcover / Ratgeber/Natur/Garten</marc:subfield>
   </marc:datafield>
   <marc:datafield ind1=" " ind2=" " tag="653">
      <marc:subfield code="a">Bildband</marc:subfield>
   </marc:datafield>
   <marc:datafield ind1="0" ind2="0" tag="245">
      <marc:subfield code="a">Terrassen und Sitzplätze</marc:subfield>
   </marc:datafield>
   <marc:datafield ind1="0" ind2="0" tag="245">
      <marc:subfield code="b">das grosse Ideenbuch</marc:subfield>
   </marc:datafield>
   <marc:datafield ind1="0" ind2="0" tag="245">
      <marc:subfield code="c">Text Peter Berg ; Petra Reidel. Fotogr. Jürgen Becker ; Marianne Majerus. [Projektleitung Johanna Hänichen</marc:subfield>
   </marc:datafield>
   <marc:datafield ind1=" " ind2="1" tag="264">
      <marc:subfield code="a">Hilden</marc:subfield>
      <marc:subfield code="b">Becker, Joest, Volk</marc:subfield>
      <marc:subfield code="c">2012</marc:subfield>
   </marc:datafield>
   <marc:datafield ind1=" " ind2=" " tag="250">
      <marc:subfield code="a">Orig.-Ausg.1. Aufl.</marc:subfield>
   </marc:datafield>
   <marc:datafield ind1="1" ind2=" " tag="520">
      <marc:subfield code="a">Angaben aus der Verlagsmeldung

Naturstein im Garten : Das grosse Ideenbuch / von Peter Berg, Petra Reidel

Seit Jahrtausenden prägt regional vorkommender
Naturstein unser Landschaftsbild, unsere
Architektur und unsere Sehweise. Die stimmige
Verwendung von Naturstein oder auch der gezielte
moderne „Bruch“ verlangen daher vom Gestalter im
Garten tiefes Verständnis für das Wesen, die Herkunft,
die Bearbeitung und die Verlegung dieses
einzigartigen Materials.
Der Faszination des Natursteins sind die fachkundigen
Autoren nicht nur in Deutschland, sondern
bis nach Spanien, England und sogar in die USA
gefolgt. Sie präsentieren Steinarbeiten in Gärten auf
höchstem Niveau. Das Buch gewährt den Einblick in
unterschiedlichste Stile und in die richtige Verwendung
dieses wertigen und nachhaltigen Materials für
Mauern, Wege, Treppen, Steinsetzungen, Pavillons,
Terrassen, Sitzplätze sowie Accessoires.
Die einmaligen Eindrücke, eingefangen von
renommierten Gartenfotografen wie Jürgen Becker,
Marianne Majerus und Clive Nichols bringen das
Thema mit inspirierenden Ideen auf den Punkt.
</marc:subfield>
   </marc:datafield>
   <marc:datafield ind1=" " ind2=" " tag="020">
      <marc:subfield code="a">9783938100646</marc:subfield>
      <marc:subfield code="9">9783938100646</marc:subfield>
   </marc:datafield>
   <marc:datafield ind1=" " ind2=" " tag="020">
      <marc:subfield code="a">3938100648</marc:subfield>
      <marc:subfield code="9">3938100648</marc:subfield>
   </marc:datafield>
   <marc:datafield ind1=" " ind2=" " tag="041">
      <marc:subfield code="a">ger</marc:subfield>
   </marc:datafield>
   <marc:datafield ind1=" " ind2=" " tag="300">
      <marc:subfield code="a">192 S.</marc:subfield>
   </marc:datafield>
</marc:record>
